| 000 | 00592nam a22002057a 4500 | ||
|---|---|---|---|
| 003 | OSt | ||
| 005 | 20140310183012.0 | ||
| 008 | 130211t xxu||||| |||| 00| 0 eng d | ||
| 020 | _a8120724291 | ||
| 050 |
_aG 155.A1 _b.B379 2007 |
||
| 245 |
_aTourism development : _bprinciples and practices / _cBhatia, A. K. |
||
| 260 |
_aIndia : _bSterling Publishers, _c2002. |
||
| 300 |
_a424 p. : _bill., maps ; _c25 cm. |
||
| 521 | _aTOU | ||
| 562 | _e1 | ||
| 650 |
_aTourism _xDeveloping countries |
||
| 650 |
_aDeveloping countries _xEconomics policy |
||
| 942 |
_2lcc _cBK _kFOR |
||
| 999 |
_c18260 _d18260 |
||